000 00352nam a2200121Ia 4500
005 20260326100025.0
008 260326s9999||||xx |||||||||||||| ||und||
100 _aMendoza Neira, Plinio
245 0 _aBoyacá :
_b Promesa Industrial y turĂ­stica de Colombia /
_cPlinio Mendoza Neira
260 _bItalgraf
650 _aARQUITECTURA REGIONAL
942 _cBK
999 _c6339
_d6339